Регионална библиотека "Любен Каравелов" - Русе

Рожден ден | Рози за д-р Шомов | Разходка в събота вечер | Горещи нощи в Аркадия | Професия за ангели | Златното покритие (Запис номер 122423)

MARC детайли
000 -Лидер
Контролно поле с фиксирана дължина 01568nam a2200361 a 4500
003 - Код на организацията, давaща контролен номер
Контролно поле BLK
005 - Дата и час на последна редакция
Контролно поле 20240319090851.0
008 - Елементи от данни с фиксирана дължина
fixed length control field 180409b bul|||||r ||||||| ||bul||
010 ## - Наследен системен номер
LC control number KNG00128060000
040 ## - Източник на каталожния запис
Идентификатор на билиотеката - собственик на записа BLK
041 ## - Код за език
Код за езика на текст/звукозапис или на отделно заглавие Български
Код за езика КДБФ Български
080 ## - УДК
Текстов определител УДК Българска литература
УДК код - определител по УДК 821.163.2
УДК определител -2
УДК - код + определител 821.163.2-2
100 ## - Редна дума - Автор
Автор Асенов, Драгомир
Автор - информация (биография) Меламед, Жак Нисим
Титли или други наименования, свързани с автора Писател. Работил в русенския в. "Дунавски отечествен фронт", един от основателите на "Дунавски културен фронт"
Дати, свързани с автора 1926 - 1981
R(LIN) 272757
139 ## - Редно поле
Редна дума Асенов, Драгомир
Авторски знак Ас - А 92
245 10 - Сведения за заглавието
Заглавие Рожден ден
Редно поле (дума) Драгомир Асенов.
245 10 - Сведения за заглавието
Заглавие Рози за д-р Шомов
245 10 - Сведения за заглавието
Заглавие Разходка в събота вечер
245 10 - Сведения за заглавието
Заглавие Горещи нощи в Аркадия
245 10 - Сведения за заглавието
Заглавие Професия за ангели
245 10 - Сведения за заглавието
Заглавие Златното покритие
Подзаглавни данни Пиеси
257 ## - Страна на издаване
Страна на създаване/издаване България
260 ## - Област на издателските данни
Място на издаване, разпространение и проч. София
Име на издателя, разпространителя и проч. Бълг. писател
Година на издаване 1976
300 ## - Физическа характеристика
Страници 444 с.
Илюстрации и др. 1 л. портр.
Размери/Мащаб 21 см
380 ## - Жанр
Жанр Худож. лит.
500 ## - Общи забележки
Забележка Истинското име на авт. е Жак Нисим Меламед. - 2 050 тир.
852 ## - Местоположение
Форматна сигнатура Цб 80017
Фондова буква Хранилище
856 4# - Електронен адрес и достъп
Електронен формат pdf - файл
Инструкция (цена за достъп) 0.00
Права за достъп disable
856 4# - Електронен адрес и достъп
Електронен формат pdf - файл
Инструкция (цена за достъп) 0.00
Права за достъп disable
999 ## - СИСТЕМНИ КОНТРОЛНИ НОМЕРА
Koha biblionumber 122423
Koha biblioitemnumber 122423
942 ## - АРТИКУЛИ
Вид на библиотечния материал Книги
Скрит в OPAC Не
Периодичен библиозапис Да
944 ## - СЪЗДАВАНЕ И РЕДАКЦИЯ на ЗАПИСА
Създаване/Редакция Създаване
Дата на регистрацията/редакция 29.02.2012
Статус, дата на статуса Моника Янева
Служител, извършил регистрацията/редакцията 30570
944 ## - СЪЗДАВАНЕ И РЕДАКЦИЯ на ЗАПИСА
Създаване/Редакция Редакция
Дата на регистрацията/редакция 2022-10-13
Служител, извършил регистрацията/редакцията ир
999 ## - СИСТЕМНИ КОНТРОЛНИ НОМЕРА
Koha biblioitemnumber 122423
Наличности
Код за отписване Код за изгубен артикул Източник на класификационната схема Код за повреда Коз за рестрикции Код за отдаване Артикулен № Име на библиотеката - собственик Име на библиотеката, в която се намира в момента Статус (Текущо местоположение) Дата на вписване в системата Местоположение - отдел Цена в лева Инвентарен номер Систематично азбучна сигнатура Баркод Номер на екземпляра Цена в евро Служебна бележка Служебен тип на артикула Бележка за публиката
  Не е изгубен Universal Decimal Classification Не е повреден само за читалня ползва се в читалня 198032 Регионална библиотека "Любен Каравелов" Русе Регионална библиотека "Любен Каравелов" Русе Хранилище 1976-01-01 Хранилище 3.18 202129 Цб 80017 120000202129 1 1.63 N: стар фонд Дата: 01.01.1976 Книги  
Изтеглен Не е изгубен Universal Decimal Classification Не е повреден без рестрикции заемане за дома 198033 Регионална библиотека "Любен Каравелов" Русе Регионална библиотека "Любен Каравелов" Русе Заемна - подръчен фонд 1976-01-01 Заемна - подръчен фонд 3.18 202713 П 886.7-2/А 92 202713 2 1.63 N: стар фонд Дата: 01.01.1976 Книги  
Изтеглен Не е изгубен   Не е повреден без рестрикции заемане за дома 198034 Регионална библиотека "Любен Каравелов" Русе Регионална библиотека "Любен Каравелов" Русе   1976-01-01 Заемна - подръчен фонд 3.18 202718 П 886.7-2/А 92 202718 3 1.63 N: стар фонд Дата: 01.01.1976 Книги Отч.N: 6/2018 , Дата: 22.01.2018
Изтеглен Не е изгубен Universal Decimal Classification Не е повреден без рестрикции заемане за дома 198035 Регионална библиотека "Любен Каравелов" Русе Регионална библиотека "Любен Каравелов" Русе Заемна - подръчен фонд 1976-01-01 Заемна - подръчен фонд 3.18 202719 П 886.7-2/А 92 202719 4 1.63 N: стар фонд Дата: 01.01.1976 Дата инв: 16.02.2018 Бележки инв: П2018 Книги  
Vip Innovations Ltd, Rousse, Bulgaria 2025